Development of musical abilities Cross-sectional computer-based assessments in educational contexts /

Elmentve itt :
Bibliográfiai részletek
Szerzők: Asztalos Kata
Csapó Benő
Dokumentumtípus: Cikk
Megjelent: 2017
Sorozat:PSYCHOLOGY OF MUSIC 45 No. 5
doi:10.1177/0305735616678055

mtmt:3170748
Online Access:http://publicatio.bibl.u-szeged.hu/11966
LEADER 00877nab a2200217 i 4500
001 publ11966
005 20191022120821.0
008 170917s2017 hu o 0|| zxx d
022 |a 0305-7356 
024 7 |a 10.1177/0305735616678055  |2 doi 
024 7 |a 3170748  |2 mtmt 
040 |a SZTE Publicatio Repozitórium  |b hun 
041 |a zxx 
100 1 |a Asztalos Kata 
245 1 0 |a Development of musical abilities  |h [elektronikus dokumentum] :  |b Cross-sectional computer-based assessments in educational contexts /  |c  Asztalos Kata 
260 |c 2017 
300 |a 682-698 
490 0 |a PSYCHOLOGY OF MUSIC  |v 45 No. 5 
700 0 1 |a Csapó Benő  |e aut 
856 4 0 |u http://publicatio.bibl.u-szeged.hu/11966/1/2017_Asztalos_Csapo_PsychologyOfMusic.pdf  |z Dokumentum-elérés  
856 4 0 |u http://publicatio.bibl.u-szeged.hu/11966/2/2017_Asztalos_Csapo_PsychologyOfMusic-accepted.pdf  |z Dokumentum-elérés